Statistiques concernant Français quiz sur la lune et la planète

Cliquez ici pour prendre le quiz!

Statistiques générales

  • Ce quiz a été pris 53 fois
  • Le résultat moyen est 9 sur 16

Statistiques - réponses

Réponse% Correct
Terre
96%
Saturne
94%
Soleil
94%
Mars
92%
Jupiter
86%
Vénus
78%
Lune
71%
Mercure
71%
Uranus
71%
Neptune
63%
Voie Lactée
24%
Io
22%
Ganymède
20%
Callisto
14%
Cérès
8%
Cratère de Chicxulub
0%

Distribution des résultats

Percentile par nombre de réponses

% des personnes avec chaque résultat

Votre développement - résultats

Vous n’avez pas pris ce quiz